| 000 | 00505nam a2200145 i 4500 | ||
|---|---|---|---|
| 001 | 43905 | ||
| 003 | ES-MaACL | ||
| 007 | t| | ||
| 008 | 030320s1848 sp ||||1| spa d | ||
| 100 | 1 |
_aCaveda y Nava, José. _937175 |
|
| 245 | 1 | 0 |
_aEnsayo histórico sobre los diversos géneros de arquitectura empleados en España desde la dominación romana hasta nuestros días / _cpor José Caveda y Nava. |
| 260 |
_aMadrid : _bSantiago Saunaque, _c1848. |
||
| 300 |
_a544 p. ; _c26 cm. |
||
| 852 |
_aES-MaACL _jB-5086 |
||
| 999 |
_c43905 _d43905 |
||